书目信息 |
| 书名: | The theater experience | |
| 作者: | Edwin Wilson. | |
| 分册号: | ||
| 分册名: | 出版地: | Boston : |
|
| 出版社: | McGraw Hill | |
| 出版时间: | c2001. | |
| 页数: | xxi, 408 p. : | |
| 开本: | 24 cm. | |
| 丛书名: | ||
| 中图分类号: | ||
| 科图分类号: | ||
| 其他分类号: | J804 | |
| 主题词: | ||
| 电子资源: | ||
| 000 | 01002cam a2200277 a 450 | |
| 001 | E0734041989 | |
| 005 | 20070313093414.89 | |
| 008 | 000214s2001 maua b 001 0 eng | |
| 010 | @a00024281 | |
| 020 | @a0072317280 :@cUSD43.95. | |
| 040 | @aDLC@cDLC@dDLC | |
| 042 | @apcc | |
| 050 | 00 | @aPN1655@b.W57 2001 |
| 082 | 00 | @a792@2 21 |
| 090 | @aJ804 | |
| 099 | @dJ804@ex4=8 | |
| 100 | 1 | @aWilson, Edwin. |
| 245 | 14 | @aThe theater experience / @cEdwin Wilson. |
| 250 | @a8th ed. | |
| 260 | @aBoston :@bMcGraw Hill,@cc2001. | |
| 300 | @axxi, 408 p. :@bill. (some col.) ;@c24 cm. | |
| 504 | @aIncludes bibliographical references (p. [441]-[443]) and index. | |
| 650 | 0 | @aTheater. |
| 906 | @a7@bcbc@corignew@d1@eocip@f20@gy-gencatlg | |
| 925 | 0 | @aacquire@b1 shelf copy@xpolicy default |
| 955 | @ato HLCD pb07 02-14-00; lg01 02-16-00; lg22 2-16-00; lg28 02-17-00 to lg15 02-17-00 to DDC;aa03 2-18-00; bk rec’d, to CIP ver. ps13 07-08-00; CIP ver. lg09 to lg15 07-27-00; lc03 to BCCD 08-01-00 | |
| The theater experience / / Edwin Wilson.-8th ed.-Boston : : McGraw Hill, , c2001. |
| xxi, 408 p. : : ill. (some col.) ; ; 24 cm. |
| Includes bibliographical references (p. [441]-[443]) and index. |
| ISBN 0072317280 :USD43.95. |
| ● |
| 相关链接 |
|
|
|
|
正题名:theater experience
索取号:J804/x4=8
 
预约/预借
| 序号 | 登录号 | 条形码 | 馆藏地/架位号 | 状态 | 备注 |
| 1 | 0001573 | 300015739 | 第二样本阅览室/ [索取号:J804/x4=8] | 在馆 | |
| 2 | 0001574 | 300015748 | 第四借阅区/ [索取号:J804/x4=8] | 在馆 |